Top 3 najpopularniejszych piłkarzy z danego kraju #8 - Statystyki

Ogólne statystyki
  • Ten quiz został rozwiązany 315 razy
    215 od ostatniego zresetowania
  • Średni wynik to 6 z 24
Statystyki odpowiedzi
Kraj Piłkarz % Poprawnych

Urugwaj

Luis Suarez
97%

Szwecja

Zlatan Ibrahimović
78%

Austria

David Alaba
72%
Urugwaj Edinson Cavani
65%

Irlandia Północna

Geroge Best
52%

Rumunia

Gheorghe Hagi
48%
Szwecja Henrik Larsson
38%
Urugwaj Diego Forlan
35%

Słowacja

Marek Hamsik
35%
Austria Marko Arnautović
30%
Słowacja Milan Skriniar
26%

Macedonia

Goran Pandev
22%
Macedonia Elif Elmas
12%
Rumunia Adrian Mutu
5%
Słowacja Martin Skrtel
5%
Turcja Rustu Recber
4%
Rumunia Christian Chivu
2%
Macedonia Stefan Ristovski
2%
Irlandia Północna David Healy
1%
Turcja Emre Belozoglu
1%
Szwecja Gunnar Nordahl
1%
Austria Hans Krankl
1%

Turcja

Tuncay Sanli
1%
Irlandia Północna Pat Jennings
0%
Nie znaleziono quizów pasujących do podanych kryteriów
Rozkład punktacji
Procent ludzi z każdym wynikiem
Percentyl według liczby udzielonych odpowiedzi
Twoja historia wyników
Nie rozwiązałeś tego quizu od ostatniego zresetowania